Time management - nástroj zvyšovania osobnej produktivity práce bakalárska práca

Uložené v:
Podrobná bibliografia
Hlavný autor: Smolka, Patrik
Korporativný autor: Národohospodárska fakulta EU. Katedra sociálneho rozvoja a práce
Ďalší autori: Přívara, Andrej, 1983-
Médium: Kniha
Jazyk:Slovak
Vydavateľské údaje: Bratislava 2014
Tagy: Pridať tag
Žiadne tagy, Buďte prvý, kto otaguje tento záznam!

MARC

LEADER 00000nbm a2200000 4500
001 0189310
005 20170201085248.8
041 0 |a slo 
044 |a SK 
245 1 0 |a Time management - nástroj zvyšovania osobnej produktivity práce  |b bakalárska práca  |c Patrik Smolka ; školiteľ: Andrej Přívara 
264 1 |a Bratislava  |c 2014 
300 |a 34 s. 
100 1 |a Smolka, Patrik 
700 1 |a Přívara, Andrej, 1983- 
710 2 |a Národohospodárska fakulta EU. Katedra sociálneho rozvoja a práce